[Event "Jakarta Japfa Cup"]
[Site "Jakarta"]
[Date "2022.05.06"]
[Round "3"]
[White "Lioe, Dede"]
[Black "Sadikin The, Irwanto"]
[Result "0-1"]
[WhiteElo "2308"]
[BlackElo "2262"]
[PlyCount "46"]
[EventDate "2022.05.05"]
[EventType "tourn"]
[EventRounds "10"]
[EventCountry "INA"]
[SourceTitle "CBM 208 Extra"]
[Source "ChessBase"]
[SourceDate "2022.07.31"]
[SourceVersion "1"]
[SourceVersionDate "2022.07.31"]
[SourceQuality "1"]

1. e4 e5 2. Nf3 Nc6 3. Bc4 Nf6 4. d3 Be7 5. 0-0 0-0 6. Re1 d6 7. a4 Be6 8. Nbd2 Qc8 9. a5 a6 10. c3 Re8 11. Qb3 Qd7 12. Bxe6 fxe6 13. d4 exd4 14. cxd4 Bf8 15. e5 dxe5 16. dxe5 Nd5 17. Ne4 Rab8 18. Qc4 Ndb4 19. Ra3 Qd5 20. Qc3 Na2 21. Rxa2 Qxa2 22. Nc5 Bxc5 23. Qxc5 Qxa5 0-1

[Event "Yogyakarta Piala Raja 7th"]
[Site "Yogyakarta"]
[Date "2019.10.23"]
[Round "5"]
[White "Suyud, Hartoyo"]
[Black "Lioe, Dede"]
[Result "1-0"]
[WhiteElo "2229"]
[BlackElo "2314"]
[PlyCount "113"]
[EventDate "2019.10.21"]
[EventType "tourn"]
[EventRounds "9"]
[EventCountry "INA"]
[SourceTitle "CBM 192 Extra"]
[Source "Chessbase"]
[SourceDate "2019.11.06"]
[SourceVersion "1"]
[SourceVersionDate "2019.11.06"]
[SourceQuality "1"]

1. d4 Nf6 2. Bg5 g6 3. Nf3 Bg7 4. Nbd2 c5 5. c3 0-0 6. e4 cxd4 7. cxd4 d5 8. e5 Ne4 9. Be3 f5 10. Nxe4 dxe4 11. Bc4+ e6 12. Ng5 f4 13. Nxe6 Bxe6 14. Bxe6+ Kh8 15. Bd2 e3 16. Bc3 exf2+ 17. Kf1 Nc6 18. h4 Qe7 19. Bd5 Rad8 20. Qf3 Qd7 21. Bxc6 bxc6 22. h5 gxh5 23. Qxh5 h6 24. Qf3 c5 25. dxc5 Qb5+ 26. Qe2 Qxc5 27. e6 Bxc3 28. e7 Rd2 29. Rxh6+ Kg7 30. exf8Q+ Kxf8 31. Qa6 f3 32. Rh8+ Kf7 33. Qb7+ Kf6 34. Qxf3+ Kg7 35. Qxc3+ Qxc3 36. bxc3 Kxh8 37. a4 a5 38. Rc1 Kg7 39. c4 Kf7 40. c5 Ke7 41. c6 Kd8 42. Rc5 Kc7 43. Rxa5 Kxc6 44. Rf5 Ra2 45. Rf4 Kd5 46. g3 Ke5 47. Kg2 Ke6 48. g4 Kd5 49. Kg3 Ke5 50. Rxf2 Rxa4 51. Kh4 Ra8 52. g5 Rh8+ 53. Kg4 Ke6 54. g6 Ke7 55. Kg5 Rh1 56. g7 Rg1+ 57. Kh6 1-0

[Event "Penang Mini op 2nd"]
[Site "Penang"]
[Date "2019.06.07"]
[Round "6"]
[White "Causo, Deniel"]
[Black "Lioe, Dede"]
[Result "1/2-1/2"]
[WhiteElo "2303"]
[BlackElo "2309"]
[PlyCount "121"]
[EventDate "2019.06.05"]
[EventType "swiss"]
[EventRounds "9"]
[EventCountry "MAS"]
[SourceTitle "CBM 190 Extra"]
[Source "ChessBase"]
[SourceDate "2019.07.15"]
[SourceVersion "1"]
[SourceVersionDate "2019.07.15"]
[SourceQuality "1"]

1. e4 c5 2. c3 Nf6 3. e5 Nd5 4. d4 cxd4 5. cxd4 d6 6. Bc4 Nb6 7. Bb5+ Bd7 8. e6 fxe6 9. Bd3 g6 10. h4 Bc6 11. h5 gxh5 12. Qxh5+ Kd7 13. Qg4 h5 14. Rxh5 Rxh5 15. Qxh5 Bg7 16. Ne2 Qh8 17. Qxh8 Bxh8 18. f3 Na6 19. Nbc3 Nb4 20. Bb1 Bf6 21. a3 N4d5 22. Ne4 Rh8 23. Nxf6+ exf6 24. Bd3 a6 25. Ng3 f5 26. Kf2 Bb5 27. Bxb5+ axb5 28. Bd2 Nc4 29. Bc1 f4 30. Nf1 Rh1 31. Rb1 Nde3 32. Bxe3 fxe3+ 33. Ke2 Rg1 34. g4 Rg2+ 35. Kd3 e2 36. Ne3 Nxb2+ 37. Kd2 Rf2 38. Re1 Rxf3 39. Kxe2 Rh3 40. Rb1 Nc4 41. Rb3 Kc6 42. Nxc4 Rh2+ 43. Kd3 bxc4+ 44. Kxc4 Rg2 45. Re3 Kd7 46. Rb3 Kc6 47. Re3 d5+ 48. Kd3 Kd6 49. Rh3 Rxg4 50. a4 b6 51. Rh7 Rg3+ 52. Kd2 Ra3 53. Ra7 Ra1 54. Kc2 Rh1 55. Rb7 Kc6 56. Re7 Re1 57. Kd2 Re4 58. Kd3 Kd6 59. Rb7 e5 60. Rxb6+ Kc7 61. Rb4 1/2-1/2

[Event "Penang Mini op 2nd"]
[Site "Penang"]
[Date "2019.06.06"]
[Round "4"]
[White "Li, Wenxiang"]
[Black "Lioe, Dede"]
[Result "0-1"]
[WhiteElo "2260"]
[BlackElo "2309"]
[PlyCount "86"]
[EventDate "2019.06.05"]
[EventType "swiss"]
[EventRounds "9"]
[EventCountry "MAS"]
[SourceTitle "CBM 190 Extra"]
[Source "ChessBase"]
[SourceDate "2019.07.15"]
[SourceVersion "1"]
[SourceVersionDate "2019.07.15"]
[SourceQuality "1"]

1. c4 e5 2. Nc3 Nf6 3. Nf3 Nc6 4. e3 Bb4 5. Qc2 0-0 6. a3 Bxc3 7. Qxc3 Re8 8. d3 d5 9. cxd5 Nxd5 10. Qc2 a5 11. b3 Qd6 12. Bb2 Bg4 13. Be2 Rad8 14. h3 Bc8 15. 0-0 Re6 16. Rfd1 Rg6 17. Kf1 Qe6 18. Ng1 f5 19. Bf3 f4 20. e4 Nde7 21. Ne2 Qf6 22. Bc3 Qh4 23. Ng1 b5 24. Qd2 Rgd6 25. Be2 Be6 26. Bxa5 R6d7 27. Nf3 Qh6 28. Qc3 Qf6 29. Bb4 Nd4 30. Nxd4 exd4 31. Qc5 Bxh3 32. Bf3 Be6 33. Qxb5 g5 34. Bxe7 Rxe7 35. Rdc1 g4 36. Bd1 f3 37. gxf3 gxf3 38. Qh5 Rf8 39. Rc5 Rg7 40. Rac1 Qf4 41. Qh1 Kh8 42. Bxf3 Bg4 43. Rf5 Qxc1+ 0-1

[Event "Penang Mini op 2nd"]
[Site "Penang"]
[Date "2019.06.06"]
[Round "3"]
[White "Lioe, Dede"]
[Black "Emperado, Emmanuel"]
[Result "1-0"]
[WhiteElo "2309"]
[BlackElo "2190"]
[PlyCount "98"]
[EventDate "2019.06.05"]
[EventType "swiss"]
[EventRounds "9"]
[EventCountry "MAS"]
[SourceTitle "CBM 190 Extra"]
[Source "ChessBase"]
[SourceDate "2019.07.15"]
[SourceVersion "1"]
[SourceVersionDate "2019.07.15"]
[SourceQuality "1"]

1. e4 c5 2. Nf3 d6 3. d4 cxd4 4. Qxd4 Nf6 5. Bg5 e5 6. Qe3 Be6 7. Nc3 a6 8. 0-0-0 Nbd7 9. Kb1 Qa5 10. Nd2 Rc8 11. Nb3 Qc7 12. Be2 Be7 13. f4 exf4 14. Bxf4 0-0 15. Nd4 Ne5 16. Nxe6 fxe6 17. Rhf1 b5 18. a3 Nc4 19. Bxc4 Qxc4 20. Rfe1 a5 21. Qd3 b4 22. Nb5 e5 23. Bg5 bxa3 24. Nxa3 Qb4 25. Bd2 Qc5 26. Qh3 Kh8 27. g4 Rb8 28. g5 Ng4 29. g6 h6 30. Qxg4 Qxa3 31. Bc1 Bg5 32. Rf1 Bf4 33. Qd7 Qb4 34. Qxd6 Qxe4 35. Bxf4 exf4 36. Rd4 Qb7 37. b3 f3 38. Rf4 Rfd8 39. R1xf3 Qxf3 40. Qxd8+ Rxd8 41. Rxf3 Kg8 42. Rd3 Ra8 43. h4 h5 44. Rd5 Kf8 45. Rxh5 Ke7 46. Rf5 Ke6 47. Rf7 Rh8 48. Rxg7 a4 49. Rh7 Rb8 1-0

[Event "Penang op 10th"]
[Site "Penang"]
[Date "2018.12.03"]
[Round "1"]
[White "Lioe, Dede"]
[Black "Khandhar, Kaushal"]
[Result "1-0"]
[WhiteElo "2320"]
[BlackElo "1878"]
[PlyCount "59"]
[EventDate "2018.12.03"]
[EventType "swiss"]
[EventRounds "9"]
[EventCountry "MAS"]
[SourceTitle "CBM 187 Extra"]
[Source "ChessBase"]
[SourceDate "2018.11.04"]
[SourceVersion "1"]
[SourceVersionDate "2018.11.04"]
[SourceQuality "1"]

1. c4 c6 2. e4 d5 3. exd5 cxd5 4. d4 Nf6 5. Nc3 Nc6 6. Bg5 Be6 7. Nf3 Qb6 8. Na4 Qa5+ 9. Bd2 Qc7 10. c5 g6 11. Be2 Bg7 12. 0-0 0-0 13. h3 Ne4 14. Be1 f6 15. b4 a6 16. Nb6 Rad8 17. a4 Bf7 18. b5 axb5 19. axb5 Nxd4 20. Nxd4 Qxc5 21. Na4 Qc8 22. Rc1 Qb8 23. b6 e5 24. Nb5 Bh6 25. Rc7 Be6 26. Bb4 Rfe8 27. Nc5 Nxc5 28. Bxc5 Bf8 29. Qc2 f5 30. Ra1 1-0

[Event "Penang Mini op1st"]
[Site "Penang"]
[Date "2018.06.17"]
[Round "9"]
[White "Lioe, Dede"]
[Black "Senador, Emmanuel"]
[Result "1/2-1/2"]
[WhiteElo "2337"]
[BlackElo "2326"]
[PlyCount "23"]
[EventDate "2018.06.13"]
[EventType "swiss"]
[EventRounds "9"]
[EventCountry "MAS"]
[SourceTitle "CBM 184 Extra"]
[Source "ChessBase"]
[SourceDate "2018.06.28"]
[SourceVersion "1"]
[SourceVersionDate "2018.06.28"]
[SourceQuality "1"]

1. e4 e5 2. Nf3 Nc6 3. Bb5 a6 4. Ba4 Nf6 5. 0-0 Be7 6. d3 b5 7. Bb3 d6 8. a3 0-0 9. Nc3 Be6 10. Nd5 Nd7 11. c3 Na5 12. Bc2 1/2-1/2

[Event "Penang Mini op1st"]
[Site "Penang"]
[Date "2018.06.16"]
[Round "6"]
[White "Lioe, Dede"]
[Black "Kulpruethanon, Thanadon"]
[Result "0-1"]
[WhiteElo "2337"]
[BlackElo "2220"]
[PlyCount "66"]
[EventDate "2018.06.13"]
[EventType "swiss"]
[EventRounds "9"]
[EventCountry "MAS"]
[SourceTitle "CBM 184 Extra"]
[Source "ChessBase"]
[SourceDate "2018.06.28"]
[SourceVersion "1"]
[SourceVersionDate "2018.06.28"]
[SourceQuality "1"]

1. e4 c5 2. Nf3 g6 3. d4 cxd4 4. Nxd4 Nc6 5. Nc3 Bg7 6. Nb3 Nf6 7. Be2 0-0 8. 0-0 d6 9. Bg5 Be6 10. f4 Na5 11. Kh1 Nc4 12. f5 Nxb2 13. Qc1 Bc4 14. e5 Bxe2 15. Nxe2 Ne4 16. f6 exf6 17. exf6 Nxg5 18. Qxg5 Rc8 19. Ned4 Nc4 20. Qf4 Bh8 21. g4 Re8 22. g5 h6 23. h4 Qd7 24. Qg3 Re4 25. Rg1 Ne5 26. Rae1 Rg4 27. Qf2 Rc3 28. Rg2 Rh3+ 29. Rh2 Rgxh4 30. Qxh4 Rxh4 31. Rxh4 hxg5 32. Rh2 Bxf6 33. Nd2 Ng4 0-1

[Event "Puchong FF11 IM"]
[Site "Puchong"]
[Date "2017.11.08"]
[Round "9"]
[White "Looi, Xin Hao"]
[Black "Lioe, Dede"]
[Result "0-1"]
[WhiteElo "2083"]
[BlackElo "2346"]
[PlyCount "164"]
[EventDate "2017.11.04"]
[EventType "tourn"]
[EventRounds "9"]
[EventCountry "MAS"]
[SourceTitle "CBM 181 Extra"]
[Source "ChessBase"]
[SourceDate "2017.12.12"]
[SourceVersion "1"]
[SourceVersionDate "2017.12.12"]
[SourceQuality "1"]

1. d4 Nf6 2. Nf3 g6 3. e3 Bg7 4. Bd3 0-0 5. 0-0 c5 6. c3 b6 7. e4 Bb7 8. Re1 Na6 9. Nbd2 d6 10. Qe2 Nc7 11. Nf1 a6 12. Ng3 Nd7 13. h4 b5 14. Be3 e5 15. Rad1 Ne6 16. dxc5 dxc5 17. Qd2 Bc6 18. Ng5 Qf6 19. Nxe6 Qxe6 20. Bb1 Rfc8 21. Bh6 Bf6 22. h5 Be7 23. Bg5 f6 24. Be3 c4 25. f3 Nc5 26. Qf2 Be8 27. hxg6 hxg6 28. Nf1 Bf8 29. Re2 a5 30. Rd5 Na4 31. f4 exf4 32. Qxf4 Nb6 33. Rd1 Nd7 34. Rf2 Ra6 35. Rf3 Ne5 36. Rh3 Qg4 37. Qh2 Bg7 38. Bc2 Qe6 39. Qg3 Rd6 40. Qh4 Rxd1 41. Bxd1 Bd7 42. Qh7+ Kf8 43. Rg3 Qg8 44. Qh4 g5 45. Qh5 Qf7 46. Qe2 Bc6 47. Bb6 Nd3 48. Rxd3 cxd3 49. Qxd3 Qd7 50. Bc5+ Kg8 51. Bb3+ Kh8 52. Qf3 g4 53. Qf2 Bxe4 54. Qh4+ Bh7 55. Bd4 f5 56. Bxg7+ Qxg7 57. Ng3 Rf8 58. Nh5 Qe5 59. Qg5 g3 60. Qxg3 Qxg3 61. Nxg3 f4 62. Ne2 Bg8 63. Bxg8 Kxg8 64. Kf2 Rd8 65. Ke1 Kf7 66. Nxf4 Kf6 67. Ne2 Rg8 68. g3 Rh8 69. Kd2 Rh2 70. Kd3 Ke5 71. b3 a4 72. bxa4 bxa4 73. c4 a3 74. g4 Kd6 75. Nc3 Kc5 76. g5 Rh3+ 77. Kc2 Kxc4 78. Ne4 Rh2+ 79. Kb1 Rg2 80. Kc1 Kd4 81. Nd2 Kd3 82. Nf3 Rg3 0-1

[Event "Puchong FF11 IM"]
[Site "Puchong"]
[Date "2017.11.06"]
[Round "6"]
[White "Chakravarthi, YVK"]
[Black "Lioe, Dede"]
[Result "1/2-1/2"]
[WhiteElo "2148"]
[BlackElo "2346"]
[PlyCount "48"]
[EventDate "2017.11.04"]
[EventType "tourn"]
[EventRounds "9"]
[EventCountry "MAS"]
[SourceTitle "CBM 181 Extra"]
[Source "ChessBase"]
[SourceDate "2017.12.12"]
[SourceVersion "1"]
[SourceVersionDate "2017.12.12"]
[SourceQuality "1"]

1. d4 d5 2. Bf4 Nf6 3. e3 c6 4. c4 e6 5. Nc3 Nbd7 6. Bd3 Be7 7. Nf3 0-0 8. Qc2 dxc4 9. Bxc4 b5 10. Bd3 Bb7 11. 0-0 h6 12. h3 a6 13. Rfd1 Qb6 14. Ne4 Nxe4 15. Bxe4 Nf6 16. Ne5 Nxe4 17. Qxe4 Rad8 18. Qc2 c5 19. dxc5 Bxc5 20. Rac1 Bd6 21. Qe2 Bxe5 22. Bxe5 Rxd1+ 23. Qxd1 Qd8 24. Qg4 Qg5 1/2-1/2

[Event "Puchong FF11 IM"]
[Site "Puchong"]
[Date "2017.11.06"]
[Round "5"]
[White "Lioe, Dede"]
[Black "Mahmud, Syarif"]
[Result "1-0"]
[WhiteElo "2346"]
[BlackElo "2216"]
[PlyCount "71"]
[EventDate "2017.11.04"]
[EventType "tourn"]
[EventRounds "9"]
[EventCountry "MAS"]
[SourceTitle "CBM 181 Extra"]
[Source "ChessBase"]
[SourceDate "2017.12.12"]
[SourceVersion "1"]
[SourceVersionDate "2017.12.12"]
[SourceQuality "1"]

1. e4 e5 2. Nf3 Nc6 3. Bb5 a6 4. Ba4 Nf6 5. 0-0 b5 6. Bb3 Bc5 7. Re1 d6 8. c3 0-0 9. h3 Bb6 10. d4 h6 11. Be3 Rb8 12. a4 Re8 13. axb5 axb5 14. d5 Bxe3 15. Rxe3 Ne7 16. Na3 Ng6 17. Nc2 Bd7 18. Nb4 Nh5 19. Bc2 Nhf4 20. Qf1 Ra8 21. Ree1 Qe7 22. Kh2 Qf8 23. Rad1 f5 24. Ng1 Qf6 25. Re3 Rf8 26. g3 Nh5 27. exf5 Bxf5 28. Rf3 Qg5 29. Bxf5 Rxf5 30. Rxf5 Qxf5 31. Qe2 Nf6 32. Nc2 Kh8 33. Ne3 Qe4 34. Qxb5 Rf8 35. Qe2 h5 36. f3 1-0

[Event "Puchong FF11 IM"]
[Site "Puchong"]
[Date "2017.11.04"]
[Round "1"]
[White "Lioe, Dede"]
[Black "Wong, Yinn Long"]
[Result "1/2-1/2"]
[WhiteElo "2346"]
[BlackElo "2198"]
[PlyCount "117"]
[EventDate "2017.11.04"]
[EventType "tourn"]
[EventRounds "9"]
[EventCountry "MAS"]
[SourceTitle "CBM 181 Extra"]
[Source "ChessBase"]
[SourceDate "2017.12.12"]
[SourceVersion "1"]
[SourceVersionDate "2017.12.12"]
[SourceQuality "1"]

1. e4 c5 2. Nf3 g6 3. d4 cxd4 4. Nxd4 Nc6 5. Be3 Nf6 6. f3 d5 7. Nxc6 bxc6 8. e5 Nd7 9. f4 Bg7 10. c4 Nb6 11. Nd2 f6 12. exf6 Bxf6 13. Qb3 Be6 14. c5 Nd7 15. Ne4 Bg7 16. Ng5 Bf5 17. Qa4 Bxb2 18. Rd1 Bc3+ 19. Kf2 h6 20. Nf3 Nf6 21. Kg1 Qc7 22. Nd4 Ng4 23. Bc1 Nf6 24. h3 Rb8 25. Nxc6 Bd7 26. Qa3 Bb4 27. Nxb4 Qxc5+ 28. Kh2 Qxb4 29. Qg3 Bf5 30. Bd3 Kf7 31. Rhe1 Ne4 32. Qf3 h5 33. Bc2 e6 34. Bxe4 Bxe4 35. Qf2 Rhc8 36. Rd2 Qc5 37. Qg3 Qc3 38. Qf2 Qc5 39. Qg3 Rb1 40. Bb2 Rxe1 41. Qxe1 Qb4 42. Qf2 Rc7 43. Be5 Rb7 44. Ba1 Qb6 45. Qh4 Ke8 46. Qf6 Rf7 47. Qh8+ Rf8 48. Qc3 Qd6 49. Qc8+ Kf7 50. Qb7+ Qe7 51. Qb2 Qd6 52. Qg7+ Ke8 53. Be5 Qe7 54. Qh6 Kd7 55. Rb2 Kc6 56. Rb3 d4 57. Bxd4 Kd5 58. Bf2 Bf5 59. Rb5+ 1/2-1/2

[Event "Puchong Friday IM 1st"]
[Site "Puchong"]
[Date "2017.10.10"]
[Round "8"]
[White "Mas, Hafizulhelmi"]
[Black "Lioe, Dede"]
[Result "1/2-1/2"]
[WhiteElo "2318"]
[BlackElo "2356"]
[PlyCount "22"]
[EventDate "2017.10.07"]
[EventType "tourn"]
[EventRounds "9"]
[EventCountry "MAS"]
[EventCategory "2"]
[SourceTitle "CBM 181 Extra"]
[Source "ChessBase"]
[SourceDate "2017.12.12"]
[SourceVersion "1"]
[SourceVersionDate "2017.12.12"]
[SourceQuality "1"]

1. e4 e5 2. Nf3 Nf6 3. Nxe5 d6 4. Nf3 Nxe4 5. Qe2 Qe7 6. d3 Nf6 7. Nc3 Qxe2+ 8. Bxe2 Be7 9. h3 h6 10. Bf4 Nc6 11. 0-0-0 Bf5 1/2-1/2

[Event "Puchong Friday IM 1st"]
[Site "Puchong"]
[Date "2017.10.09"]
[Round "5"]
[White "Sekar, B."]
[Black "Lioe, Dede"]
[Result "1/2-1/2"]
[WhiteElo "2260"]
[BlackElo "2356"]
[PlyCount "120"]
[EventDate "2017.10.07"]
[EventType "tourn"]
[EventRounds "9"]
[EventCountry "MAS"]
[EventCategory "2"]
[SourceTitle "CBM 181 Extra"]
[Source "ChessBase"]
[SourceDate "2017.12.12"]
[SourceVersion "1"]
[SourceVersionDate "2017.12.12"]
[SourceQuality "1"]

1. e4 c5 2. Nf3 Nc6 3. Bb5 e6 4. 0-0 Qc7 5. Re1 d6 6. c3 a6 7. Ba4 b5 8. Bc2 e5 9. h3 Nf6 10. d4 Be7 11. d5 Nd8 12. a4 Rb8 13. axb5 axb5 14. Nbd2 g6 15. Nf1 Nd7 16. Ng3 c4 17. Be3 Nc5 18. Nd2 f6 19. Ra3 0-0 20. h4 Nf7 21. h5 Bd7 22. Qa1 Kg7 23. Qa2 Qc8 24. Ra7 Bd8 25. Ra1 Bb6 26. Ra3 f5 27. exf5 gxf5 28. Qb1 Nh8 29. Bg5 Rf7 30. h6+ Kg8 31. Nh5 Qf8 32. Qa2 Bc8 33. Ra8 Rxa8 34. Qxa8 Bb7 35. Qxf8+ Kxf8 36. Bf6 Kg8 37. Bxf5 Bxd5 38. Nf3 Nd7 39. Bxd7 Rxd7 40. Bxe5 Bd8 41. Bg7 Bxf3 42. gxf3 Ng6 43. Ra8 Kf7 44. Rb8 Nh4 45. f4 Nf5 46. Rxb5 Kg6 47. Bh8 Nxh6 48. Ng3 d5 49. Rc5 Nf5 50. Kg2 Bf6 51. Bxf6 Kxf6 52. Kf3 Rd6 53. Rc7 Rb6 54. Rxh7 Rxb2 55. Nxf5 Kxf5 56. Rh5+ Kf6 57. Ke3 Rc2 58. Kd4 Rd2+ 59. Kc5 Rd3 60. Rxd5 Rxc3 1/2-1/2

[Event "Puchong Friday IM 1st"]
[Site "Puchong"]
[Date "2017.10.08"]
[Round "4"]
[White "Kumar, Gaurav"]
[Black "Lioe, Dede"]
[Result "1-0"]
[WhiteElo "2274"]
[BlackElo "2356"]
[PlyCount "51"]
[EventDate "2017.10.07"]
[EventType "tourn"]
[EventRounds "9"]
[EventCountry "MAS"]
[EventCategory "2"]
[SourceTitle "CBM 181 Extra"]
[Source "ChessBase"]
[SourceDate "2017.12.12"]
[SourceVersion "1"]
[SourceVersionDate "2017.12.12"]
[SourceQuality "1"]

1. e4 e5 2. Nf3 Nc6 3. d4 exd4 4. Nxd4 Bc5 5. Nxc6 Qf6 6. Qf3 Qxf3 7. gxf3 bxc6 8. Nd2 Nf6 9. Nb3 Bb4+ 10. c3 Be7 11. Be3 d6 12. 0-0-0 0-0 13. h4 a5 14. Bh3 Bxh3 15. Rxh3 Rfb8 16. Nd4 Ra6 17. Nf5 Kf8 18. h5 Ne8 19. Rg1 Bf6 20. f4 a4 21. e5 Ra5 22. Nd4 dxe5 23. Nxc6 exf4 24. Nxb8 fxe3 25. Rxe3 Rd5 26. Rd1 1-0

[Event "Yogyakarta Piala Raja Master"]
[Site "Yogyakarta"]
[Date "2017.08.24"]
[Round "8"]
[White "Jurmansah, Joni"]
[Black "Lioe, Dede"]
[Result "1/2-1/2"]
[WhiteElo "2259"]
[BlackElo "2356"]
[PlyCount "64"]
[EventDate "2017.08.21"]
[EventType "tourn"]
[EventRounds "10"]
[EventCountry "INA"]
[EventCategory "3"]
[SourceTitle "CBM 180 Extra"]
[Source "ChessBase"]
[SourceDate "2017.10.06"]
[SourceVersion "1"]
[SourceVersionDate "2017.10.06"]
[SourceQuality "1"]

1. c4 e5 2. Nf3 e4 3. Nd4 Nf6 4. Nc3 Nc6 5. Nc2 Bc5 6. g3 0-0 7. Bg2 Re8 8. 0-0 d6 9. Na4 Bg4 10. Nxc5 dxc5 11. Ne3 Bh5 12. b3 Qd6 13. Bb2 Rad8 14. Bc3 Nd4 15. Re1 b6 16. a3 a5 17. Rb1 h6 18. b4 axb4 19. axb4 cxb4 20. Bxb4 c5 21. Bc3 Ra8 22. Bf1 Ra6 23. Ra1 Rea8 24. Rxa6 Rxa6 25. Qb1 Qd7 26. Kg2 Qa7 27. Kg1 Bg6 28. Qb2 Ra2 29. Qb1 Ra6 30. Bh3 Ra4 31. Qb2 Ra2 32. Qb1 Ra4 1/2-1/2

[Event "Yogyakarta Piala Raja Master"]
[Site "Yogyakarta"]
[Date "2017.08.24"]
[Round "7"]
[White "Lioe, Dede"]
[Black "Novita, Anjas"]
[Result "1-0"]
[WhiteElo "2356"]
[BlackElo "2379"]
[PlyCount "63"]
[EventDate "2017.08.21"]
[EventType "tourn"]
[EventRounds "10"]
[EventCountry "INA"]
[EventCategory "3"]
[SourceTitle "CBM 180 Extra"]
[Source "ChessBase"]
[SourceDate "2017.10.06"]
[SourceVersion "1"]
[SourceVersionDate "2017.10.06"]
[SourceQuality "1"]

1. e4 c5 2. Nf3 e6 3. c4 Nc6 4. Nc3 e5 5. d3 d6 6. Nd5 Bg4 7. Ne3 Bxf3 8. Qxf3 Nge7 9. Bd2 Ng6 10. g3 Be7 11. h4 Nf8 12. Bh3 Ne6 13. 0-0 0-0 14. Qg2 Ncd4 15. Nd5 g6 16. f4 f5 17. exf5 gxf5 18. fxe5 dxe5 19. Rf2 Kh8 20. Raf1 Ng7 21. Bh6 Rg8 22. Nxe7 Qxe7 23. Bg5 Qd7 24. Re1 Rae8 25. Qd5 Qxd5 26. cxd5 Nh5 27. d6 Rg7 28. Bxf5 Nxf5 29. Rxf5 Nxg3 30. Rfxe5 Rxe5 31. Rxe5 Rd7 32. Bf4 1-0